000 00288nam a2200109Ia 4500
008 230907s9999||||xx |||||||||||||| ||und||
082 _a324.2
_bCHO
100 _aChoudhary, Sunil K.
_9115767
245 4 _aThe changing face of parties and party systems :
300 _a379 p.
942 _cBK
999 _c599387
_d599387